000 00746nam a22002177a 4500
003 UA-OsUOA
001 108989
007 ta
008 20141125b un ||||| |||| 00| 0 ukr d
100 _aЛаборева О.
090 _a81
_bЛ12
942 _cSA
040 _aUA-OsUOA
_bukr
_cUA-OsUOA
_dUA-OsUOA
245 _aСлаветні імена. Біографічні довідки про видатних українських мовознавців
300 _aС.32-42
955 _a0
041 _aukr
080 _a81
773 0 _w108987
_tУкраїнська мова та література
_dК.
_d2014
_g21
650 7 _a8 Мовознавство. Художня література. Літературознавство
_2UDC
999 _c395083
_d395083